Estudios penitenciarios / (Registro nro. 157198)

Detalles MARC
000 -LEADER
campo de control de longitud fija 01576nam a2200277 i 4500
001 - NÚMERO DE CONTROL
campo de control 157198
003 - IDENTIFICADOR DE NÚMERO DE CONTROL
campo de control ES-MaACL
005 - FECHA Y HORA DE LA ÚLTIMA TRANSACCIÓN
campo de control 20250719062540.0
008 - DATOS DE LONGITUD FIJA--INFORMACIÓN GENERAL
campo de control de longitud fija 970820s1887 sp |||| | spa d
100 1# - ENTRADA PRINCIPAL--NOMBRE DE PERSONA
Nombre de persona Lastres y Juiz, Francisco,
Fechas asociadas al nombre 1848-1918
9 (RLIN) 70504
245 10 - MENCIÓN DEL TÍTULO
Título Estudios penitenciarios /
Mención de responsabilidad, etc. por Francisco Lastres.
260 ## - PUBLICACIÓN, DISTRIBUCIÓN, ETC.
Lugar de publicación, distribución, etc. Madrid :
Nombre del editor, distribuidor, etc. [s.n.],
Fecha de publicación, distribución, etc. 1887 (
Fabricante Est. Tip. de Pedro Nuñez)
300 ## - DESCRIPCIÓN FÍSICA
Extensión 272 p. ;
Dimensiones 18 cm.
490 1# - MENCIÓN DE SERIE
Mención de serie Biblioteca judicial ;
Designación de volumen o secuencia 33
505 8# - NOTA DE CONTENIDO CON FORMATO
Nota de contenido con formato Contiene: ;
Título De la reforma penitenciaria en España ;
-- El Congreso Penitenciario de Stokolmo ;
-- El Congreso Penitenciario de Roma ;
-- De la colonización penitenciaria - Apéndices: ;
-- Importancia de la reforma penitenciaria para la industria y el comercio ;
-- La cárcel vieja y la cárcel nueva ;
-- Educación correccional de la juventud ;
-- Santa Rita: escuela de reforma para jóvenes ;
-- El castigo de los encubridores habituales
530 ## - NOTA DISPONIBLE DE FORMULARIO FÍSICO ADICIONAL
Nota de formato físico adicional disponible Disponible en formato digital.
650 ## - PUNTO DE ACCESO ADICIONAL DE MATERIA--TÉRMINO DE MATERIA
Término de materia o nombre geográfico como elemento de entrada Derecho penitenciario-
Subdivisión geográfica España.
9 (RLIN) 176229
650 #4 - PUNTO DE ACCESO ADICIONAL DE MATERIA--TÉRMINO DE MATERIA
Término de materia o nombre geográfico como elemento de entrada Establecimientos penitenciarios-
Subdivisión geográfica España.
9 (RLIN) 145832
830 0# - PUNTO DE ACCESO ADICIONAL DE SERIE-TÍTULO UNIFORME
Título uniforme Biblioteca judicial ;
Designación de volumen o secuencia 33
9 (RLIN) 181856
852 ## - LOCALIZACIÓN
Ubicación ES-MaACL
Número de control de estantería D-297
Sublocalización o colección R.M.256
Ubicación en estantería Sala Valle Inclán
Signatura antigua Olim: 193-I-17
Partes que faltan Sello en tinta en portada de la Biblioteca del Ateneo de Madrid
Donativo/Legado Donación: Francisco Lastres y Juiz
Encuadernación Encuadernación holandesa
itemnumber 163000
852 ## - LOCALIZACIÓN
Ubicación ES-MaACL
Número de control de estantería B-6665
Nota libre - Enc. pasta española
903 ## - NOMBRE PERSONAL DE DONANTE
a Lastres y Juiz, Francisco,
d 1848-1918
q 1
e Donante
9 70504
942 ## - ELEMENTOS DE ENTRADA SECUNDARIOS (KOHA)
Fuente del sistema de clasificación o colocación Clasificación decimal universal
Tipo de ítem Koha Libro impreso antiguo
Existencias
Estatus retirado Estado de pérdida Fuente del sistema de clasificación o colocación Estado de daño No para préstamo Colección Biblioteca de origen Biblioteca actual Ubicación en estantería Fecha de adquisición Total de préstamos Signatura topográfica completa Código de barras Visto por última vez Precio de reemplazo Tipo de ítem Koha
    Clasificación decimal universal     Libros del s. XIX Biblioteca del Ateneo de Madrid Biblioteca del Ateneo de Madrid Sala Valle Inclán 17/01/2008   D-297 901164481 23/02/2023 23/02/2023 Libro impreso antiguo
    Clasificación decimal universal     Libros del s. XIX Biblioteca del Ateneo de Madrid Biblioteca del Ateneo de Madrid Sala Pardo Bazán 17/01/2008   B-6665 1164482 23/02/2023 23/02/2023 Libro impreso antiguo